| 000 | 01315nam a2200277Ia 4500 | ||
|---|---|---|---|
| 999 |
_c55210 _d55210 |
||
| 001 | 22285 | ||
| 003 | GE_BSU | ||
| 005 | 20230224173942.0 | ||
| 008 | 181216s ||||ge |||||||||||||| ||geo|| | ||
| 020 | _a978-9941-22-258-0 | ||
| 040 | _cGE_BSU | ||
| 041 | _ageo | ||
| 080 | _a005.93:339.138(075.8) ნ-24 | ||
| 100 |
_aნანიტაშვილი, მანანა _917045 |
||
| 245 |
_aმარკეტინგის მენეჯმენტი : _bსახელმძღვანელო / _cმანანა ნანიტაშვილი, გიორგი შუბლაძე ; რედაქტორი მანანა ნანიტაშვილი. |
||
| 264 |
_aთბილისი : _bუნივერსალი, _c2014. |
||
| 300 |
_a474 გვ. : _b ილ. ; _c20 სმ. |
||
| 500 | _aგლოსარიუმი გვ. : 452-470 | ||
| 504 | _aბიბლიოგრაფია გვ. : 471-473 | ||
| 541 | _h30 ლ. | ||
| 653 | _aეკონომიკა | ||
| 653 | _aმარკეტინგის მენეჯმენტი | ||
| 700 |
_aშუბლაძე, გიორგი _eავტორი _9572 |
||
| 700 |
_aნანიტაშვილი, მანანა _eრედაქტორი _917045 |
||
| 942 |
_cBK _2udc |
||